[Event "Alzira op 12th"]
[Site "Alzira"]
[Date "2022.12.30"]
[Round "8"]
[White "Piris Ferrandis, Asier"]
[Black "Soriano Folch, Jonathan"]
[Result "0-1"]
[WhiteElo "1604"]
[BlackElo "1831"]
[PlyCount "94"]
[EventDate "2022.12.27"]
[EventType "swiss"]
[EventRounds "8"]
[EventCountry "ESP"]
[SourceTitle "CBM 212 Extra"]
[Source "ChessBase"]
[SourceDate "2023.03.31"]
[SourceVersion "1"]
[SourceVersionDate "2023.03.31"]
[SourceQuality "1"]

1. e4 e6 2. d4 d5 3. exd5 exd5 4. Bd3 Bd6 5. Qf3 Nf6 6. h3 Nbd7 7. Ne2 0-0 8. Bg5 c5 9. dxc5 Qa5+ 10. Nd2 Qxc5 11. 0-0-0 Ne5 12. Qe3 Nxd3+ 13. Qxd3 Ne4 14. Nxe4 dxe4 15. Qd5 Be6 16. Qxc5 Bxc5 17. Nc3 f5 18. Be3 Bxe3+ 19. fxe3 Rad8 20. Ne2 Bc4 21. Rxd8 Rxd8 22. Nd4 f4 23. c3 fxe3 24. Re1 Rf8 25. Rxe3 Rf1+ 26. Kd2 Rf2+ 27. Kc1 Bd3 28. g4 Rf1+ 29. Kd2 Rb1 30. b4 Rb2+ 31. Kc1 Rxa2 32. Ne6 Rc2+ 33. Kd1 Rxc3 34. Nc5 Bc2+ 35. Kd2 Rxe3 36. Kxe3 b6 37. Nxe4 Bxe4 38. Kxe4 a5 39. b5 Kf7 40. Kd5 Ke7 41. g5 Kd7 42. h4 Ke7 43. h5 h6 44. gxh6 gxh6 45. Ke5 Kf7 46. Kd5 Kf6 47. Kc6 a4 0-1

[Event "ESP-ch U12 Rapid"]
[Site "Salobrena"]
[Date "2022.07.16"]
[Round "1"]
[White "Rey Martinez, Jaime"]
[Black "Piris Ferrandis, Asier"]
[Result "1-0"]
[WhiteElo "1910"]
[BlackElo "1251"]
[PlyCount "85"]
[EventDate "2022.07.09"]
[EventType "swiss (rapid)"]
[EventRounds "9"]
[EventCountry "ESP"]
[SourceTitle "EXT 2023"]
[Source "ChessBase"]
[SourceDate "2022.10.05"]
[SourceVersion "1"]
[SourceVersionDate "2022.10.05"]
[SourceQuality "1"]

1. e4 c5 2. Nf3 Nc6 3. d4 cxd4 4. Nxd4 g6 5. c4 Bg7 6. Be3 d6 7. Be2 Nf6 8. Nc3 Bd7 9. 0-0 0-0 10. h3 a6 11. Qc2 Rc8 12. Rad1 Nxd4 13. Bxd4 b5 14. cxb5 axb5 15. a3 Bc6 16. Qd3 Rb8 17. b4 Ra8 18. Ra1 Qd7 19. f3 Rfb8 20. Rfd1 Nh5 21. Bxg7 Kxg7 22. Qe3 Qa7 23. Kf2 Nf4 24. Bf1 Qxe3+ 25. Kxe3 Ne6 26. Rdc1 Rb7 27. h4 h5 28. Be2 Rb6 29. g4 hxg4 30. fxg4 Rh8 31. h5 g5 32. Nd5 Bxd5 33. exd5 Nf4 34. Bf3 Rb7 35. Rc3 Rd8 36. Rac1 Rdd7 37. Rc8 f6 38. Be4 Ra7 39. h6+ Kf7 40. R1c3 Ng6 41. h7 Kg7 42. Bxg6 Kxg6 43. h8Q 1-0